Countries by Highest Population In 1700 - Statistics

General Stats
  • This quiz has been taken 25 times
  • The average score is 6 of 10
Answer Stats
Population % of World Country % Correct
150 000 000 22 Qing China
96%
21 471 000 3.1 France
92%
27 000 000 4 Japan
88%
24 779 000 3.6 Ottoman Empire
88%
13 616 000 2 Tsardom of Russia
83%
24 530 000 3.6 Spain
79%
27 400 000 4 Holy Roman Empire
71%
10 000 000 1.4 Safavid Iran
21%
12 200 000 1.8 Joseon
4%
158 400 000 23.2 Moghul Hindustan
0%
No matching quizzes found
Score Distribution
Percent of People with Each Score
Percentile by Number Answered
Your Score History
You have not taken this quiz